Jefes de Estado o de Gobierno de América del Sur - Estadísticas

Estadísticas generales
  • Esta prueba ha sido intentada 34 veces
  • La puntuación promedio es 6 de 13
Estadísticas de respuestas
Imagen Respuesta % Correcto
Nicolás Maduro
100%
Inacio Lula da Silva
90%
Alberto Fernández
74%
Gabriel Boric
71%
Gustavo Petro
65%
Luis Lacalle Pou
58%
Luis Arce
45%
Dina Boluarte
42%
Santiago Peña
35%
Guillermo Lasso
26%
Irfaan Ali
3%
Chandrikapersad Santhoki
0%
Mark Phillips
0%
No se encontraron pruebas coincidentes
Distribución de puntuación
Porcentaje de gente con cada puntuación
Porcentaje por número respondido
Historial de tus puntuaciones
No has intentado esta prueba.